La Sainte Eucharistie: Somme de Theologie et de Predication eucharistiques
Guardat en:
| Autor principal: | |
|---|---|
| Format: | Llibre |
| Idioma: | francès |
| Publicat: |
París
Hippolyte Walzer
1897
|
| Edició: | 1a. ed |
| Matèries: | |
| Etiquetes: |
Afegir etiqueta
Sense etiquetes, Sigues el primer a etiquetar aquest registre!
|
MARC
| LEADER | 00000cam a2200000 a 4500 | ||
|---|---|---|---|
| 001 | UCD2698 | ||
| 003 | CL-VaPUC | ||
| 008 | 160505e18970000fr |||||||||||||||||fre|d | ||
| 082 | 0 | 4 | |a 234.163 |b JOU |2 21 |
| 100 | |a Jourdain, Charles |e author |9 586054 | ||
| 245 | 1 | 3 | |a La Sainte Eucharistie: Somme de Theologie et de Predication eucharistiques |
| 250 | |a 1a. ed | ||
| 300 | |a t | ||
| 942 | |c BK | ||
| 945 | |d 20160505 16:04:00 |a dcastane | ||
| 260 | |a París |b Hippolyte Walzer |c 1897 | ||
| 650 | 0 | |a Eucaristía |9 257336 | |
| 650 | 0 | |a Homilética |9 478090 | |
| 650 | 0 | |a Predicación |9 398079 | |
| 583 | |a last modification |c 20160505 16:04:00 |k Rodrigo Vera | ||
| 999 | |c 363820 |d 363818 | ||
| 952 | |0 0 |1 0 |3 erd |4 0 |6 234_163000000000000_JOU_1897 |7 0 |8 X |9 476600 |a BIBTEO |b BIBTEO |c TEO_FFR |h t.1 |i 5230616 |o 234.163 JOU 1897 |p 5230616 |r 2024-01-18 |w 2019-11-24 |y BK_X |z Catalogado en:20160505 |k OFM | ||
| 952 | |0 0 |1 0 |3 erd |4 0 |6 234_163000000000000_JOU_1897 |7 0 |8 X |9 476601 |a BIBTEO |b BIBTEO |c TEO_FFR |h t.2 |i 5230624 |o 234.163 JOU 1897 |p 5230624 |r 2024-01-18 |w 2019-11-24 |y BK_X |z Catalogado en:20160505 |k OFM | ||
| 952 | |0 0 |1 0 |3 erd |4 0 |6 234_163000000000000_JOU_1897 |7 0 |8 X |9 476602 |a BIBTEO |b BIBTEO |c TEO_FFR |h t.3 |i 5230632 |o 234.163 JOU 1897 |p 5230632 |r 2024-01-18 |w 2019-11-24 |y BK_X |z Catalogado en:20160505 |k OFM | ||
| 952 | |0 0 |1 0 |3 erd |4 0 |6 234_163000000000000_JOU_1897 |7 0 |8 X |9 476603 |a BIBTEO |b BIBTEO |c TEO_FFR |h t.4 |i 5230640 |o 234.163 JOU 1897 |p 5230640 |r 2024-01-18 |w 2019-11-24 |y BK_X |z Catalogado en:20160505 |k OFM | ||